Amurrular : (Record no. 35679)
| 000 -BAŞLIK | |
|---|---|
| Sabit Uzunluktaki Kontrol Alanı | 01164nam a22003497a 4500 |
| 001 - KONTROL NUMARASI | |
| Control Dosyası | 0035776 |
| 003 - KONTROL NUMARASI KİMLİĞİ | |
| Kontrol Alanı | KOHA_MİRAKIL |
| 005 - EN SON İŞLEM TARİHİ ve ZAMANI | |
| Kontrol Alanı | 20260207002950.0 |
| 007 - FİZİKSEL TANIM SABİT ALAN - GENEL BİLGİ | |
| Sabit uzunluklu kontrol alanı | ta |
| 008 - SABİT UZUNLUKTAKİ VERİ ÖGELERİ - GENEL BİLGİ | |
| Sabit Alan | 120314b2012 tu a|||gr||||#||||0|tur | |
| 020 ## - ISBN - ULUSLARARASI STANDART KİTAP NUMARASI | |
| Isbn | 9789753940719 |
| 040 ## - KATALOGLAMA KAYNAĞI | |
| Özgün Kataloglama Kurumu | TR-BiSEU |
| Kataloglama Dili | tur |
| Çeviri Kurumu | TR-BiSEU |
| Açıklama Kuralları | rda |
| 041 0# - DİL KODU | |
| Metin ya da ses kaydının dil kodu | tur |
| 044 ## - YAYINLAYAN/ÜRETEN KURULUŞUN ÜLKE KODU | |
| ISO country code | tu |
| 050 ## - SINIFLAMA ve YER NUMARASI | |
| Sınıflama Numarası | DS72.5 |
| Yer Numarası | .M46 2012 |
| 100 1# - KİŞİ ADI | |
| Yazar Adı (Kişi adı) | Memiş, Ekrem. |
| 245 1# - ESER ADI BİLDİRİMİ | |
| Başlık | Amurrular : |
| Alt Eseradı vb. | Araplar'ın en eski ataları/ |
| Sorumluluk Bildirimi | Ekrem Memiş ; Ekrem Memiş, Cemil Bülbül. |
| 250 ## - BASIM BİLDİRİMİ | |
| Basım Bildirimi | |
| 264 #1 - ÜRERİM, YAYIN, DAĞITIM ve TELİF BİLDİRİMİ | |
| Yayın yeri | Elazığ : |
| Yayınlayan | Fırat Üniversitesi |
| Yayın tarihi | 2012 |
| 300 ## - FİZİKSEL TANIMLAMA | |
| Sayfa, Cilt vb. | xvi, 152 sayfa : |
| Diğer fiziki detaylar | hrt. ; |
| Boyutları | 24 cm. |
| 336 ## - İÇERİK TÜRÜ | |
| Content type term | metin |
| Content type code | txt |
| Source | rdacontent |
| 337 ## - MEDYA TÜRÜ | |
| Media type term | aracısız |
| Media type code | n |
| Source | rdamedia |
| 338 ## - TAŞIYICI TÜRÜ | |
| Carrier type term | cilt |
| Carrier type code | nc |
| Source | rdacarrier |
| 490 1# - DİZİ BİLDİRİMİ | |
| Dizi Bildirimi | Orta-Doğu Araştırmaları Merkezi Yayınları no ; |
| Cilt Numarası | 23. |
| 490 1# - DİZİ BİLDİRİMİ | |
| Dizi Bildirimi | Tarih Şubesi Yayınları ; |
| Cilt Numarası | no: 19 |
| 500 ## - GENEL NOT | |
| Genel Not | Orta Doğu Araştırmaları Merkezi. |
| 650 #0 - KONU BAŞLIĞI EK GİRİŞ - KONU TERİMİ | |
| Konusal terim veya coğrafi ad | Amorites. |
| 9 (RLIN) | 68136 |
| 650 #0 - KONU BAŞLIĞI EK GİRİŞ - KONU TERİMİ | |
| Konusal terim veya coğrafi ad | Amurru (Ancient kingdom)--History. |
| 9 (RLIN) | 68137 |
| 830 1# - SERİ EK GİRİŞİ - TEKBİÇİM ESER ADI | |
| Tekbiçim Başlık | Orta-Doğu Araştırmaları Merkezi Yayınları no ; |
| Volume number/sequential designation | 23. |
| 9 (RLIN) | 68138 |
| 830 1# - SERİ EK GİRİŞİ - TEKBİÇİM ESER ADI | |
| Tekbiçim Başlık | Tarih Şubesi Yayınları ; |
| Volume number/sequential designation | no: 19 |
| 9 (RLIN) | 68139 |
| 942 ## - EK GİRİŞ ÖGELERİ (KOHA) | |
| Source of classification or shelving scheme | Library of Congress Classification |
| Koha item type | Book |
| Materyal Türü | Kalıcı Konum | Mevcut Konum | Raf Yeri | Sınıflandırma Kaynağı | Edinim Bilgisi | Ana Konular | Alt Konular | Yer Numarası | Demirbaş Numarası | Fatura Tarihi | Geri Çekilme Durumu | Kayıp Durumu | Hasarlı Durumu | Kredi için değil | Kayıt Tarih | Toplam Ödünçverme | Son Görülme Tarihi | Son Kontrol Tarihi | Genel / Bağış Notu |
|---|---|---|---|---|---|---|---|---|---|---|---|---|---|---|---|---|---|---|---|
| Book | Prof. Dr. Azmi Özcan Kütüphanesi | Prof. Dr. Azmi Özcan Kütüphanesi | Uluğbey Salonu | Library of Congress Classification | Bağış | DÜNYA TARİHİ (AVRUPA, ASYA, AFRİKA VB.) | Asya | DS72.5 .M46 2012 | 0035776 | 02/02/2026 | 14/03/2012 | 6 | 05/12/2024 | 05/12/2024 | Genel Bağış |
